<?xml version="1.0" encoding="UTF-8"?>
<record
    xmlns:xsi="http://www.w3.org/2001/XMLSchema-instance"
    xsi:schemaLocation="http://www.loc.gov/MARC21/slim http://www.loc.gov/standards/marcxml/schema/MARC21slim.xsd"
    xmlns="http://www.loc.gov/MARC21/slim">

  <leader>01379nam a22002655i 4500</leader>
  <controlfield tag="001">153012</controlfield>
  <controlfield tag="003">ES-MaACL</controlfield>
  <controlfield tag="005">20260203150624.0</controlfield>
  <controlfield tag="008">050823s1798    sp     | |||||||| ||spa d</controlfield>
  <datafield tag="040" ind1=" " ind2=" ">
    <subfield code="a">CAM </subfield>
    <subfield code="b">spa </subfield>
    <subfield code="c">CAM</subfield>
  </datafield>
  <datafield tag="100" ind1="1" ind2=" ">
    <subfield code="a">Castillo, Pedro.</subfield>
    <subfield code="9">36714</subfield>
  </datafield>
  <datafield tag="245" ind1="1" ind2="0">
    <subfield code="a">Carta apolog&#xE9;tica de la cirug&#xED;a forense del Dr. Don Domingo Vidal, para servir de ilustraci&#xF3;n cr&#xED;tica a la obra original que copi&#xF3; sobre la misma materia D. Juan Fernandez del Valle &amp;c. &amp;c. / </subfield>
    <subfield code="c">su autor Pedro Castillo.</subfield>
  </datafield>
  <datafield tag="260" ind1=" " ind2=" ">
    <subfield code="a">En Zaragoza : </subfield>
    <subfield code="b">en la oficina de B [...], Impresor de la Real So[...],</subfield>
    <subfield code="c">[s.a.]</subfield>
  </datafield>
  <datafield tag="300" ind1=" " ind2=" ">
    <subfield code="a">34 p. ; </subfield>
    <subfield code="c">4&#xBA;.</subfield>
  </datafield>
  <datafield tag="530" ind1=" " ind2=" ">
    <subfield code="a">Disponible en formato digital.</subfield>
  </datafield>
  <datafield tag="594" ind1=" " ind2=" ">
    <subfield code="a">Precede al tit.: Para casos como estos tienen disc&#xED;pulos los maestros.</subfield>
  </datafield>
  <datafield tag="596" ind1=" " ind2=" ">
    <subfield code="a">Texto fechado en Zaragoza, 10 de mayo de 1798.</subfield>
  </datafield>
  <datafield tag="600" ind1="1" ind2="4">
    <subfield code="a">Vidal, Domingo.</subfield>
    <subfield code="9">155217</subfield>
  </datafield>
  <datafield tag="600" ind1="0" ind2="4">
    <subfield code="a">Fern&#xE1;ndez del Valle, Juan.</subfield>
    <subfield code="9">49735</subfield>
  </datafield>
  <datafield tag="650" ind1=" " ind2="7">
    <subfield code="a">Medicina legal</subfield>
    <subfield code="2">embne</subfield>
    <subfield code="9">14928</subfield>
  </datafield>
  <datafield tag="852" ind1=" " ind2=" ">
    <subfield code="a">ES-MaACL</subfield>
    <subfield code="j">R-3101  </subfield>
    <subfield code="x"> Encuadernaci&#xF3;n piel con hierros   </subfield>
    <subfield code="q"> Deteriorado en el borde inferior afectando al pie de imp.; restaurado   </subfield>
    <subfield code="c">DEPO1</subfield>
    <subfield code="d">Olim:T-419-F-21   </subfield>
    <subfield code="g"> Dedicatoria manuscrita de Jos&#xE9; Velez S&#xE1;nchez a la Biblioteca de los Escolares M&#xE9;dicos</subfield>
  </datafield>
  <datafield tag="856" ind1="4" ind2=" ">
    <subfield code="u">http://bdh-rd.bne.es/viewer.vm?id=0000064631&amp;page=1 </subfield>
    <subfield code="y">Biblioteca Digital Hisp&#xE1;nica</subfield>
  </datafield>
  <datafield tag="942" ind1=" " ind2=" ">
    <subfield code="2">udc</subfield>
  </datafield>
  <datafield tag="999" ind1=" " ind2=" ">
    <subfield code="c">153012</subfield>
    <subfield code="d">153012</subfield>
  </datafield>
  <datafield tag="952" ind1=" " ind2=" ">
    <subfield code="0">0</subfield>
    <subfield code="1">0</subfield>
    <subfield code="4">0</subfield>
    <subfield code="7">0</subfield>
    <subfield code="8">Colecci&#xF3;n_digital</subfield>
    <subfield code="a">ATENEOM</subfield>
    <subfield code="b">ATENEOM</subfield>
    <subfield code="c">DEPO</subfield>
    <subfield code="d">2008-01-17</subfield>
    <subfield code="e">SSC</subfield>
    <subfield code="l">0</subfield>
    <subfield code="o">R-3101</subfield>
    <subfield code="p">1159851</subfield>
    <subfield code="r">2023-02-23 00:00:00</subfield>
    <subfield code="w">2023-02-23</subfield>
    <subfield code="y">MONOGRAFIA</subfield>
  </datafield>
</record>
